Código de justicia militar: edición oficial, aprobada por decreto N§ 1283, de 11 de noviembre de 2005, del Ministerio de Justicia
Kaydedildi:
| Materyal Türü: | Kitap |
|---|---|
| Dil: | İspanyolca |
| Baskı/Yayın Bilgisi: |
Santiago
Jurídica de Chile
2006
|
| Edisyon: | 18a. ed |
| Konular: | |
| Etiketler: |
Etiketle
Etiket eklenmemiş, İlk siz ekleyin!
|
MARC
| LEADER | 00000nam a2200000 a 4500 | ||
|---|---|---|---|
| 001 | UCJ0487 | ||
| 003 | CL-VaPUC | ||
| 008 | 060804e20060000CL |||||||||||||||||spa|d | ||
| 020 | |a 9561016826 | ||
| 082 | 0 | 4 | |a 343.8301026 |b COD |2 21 |
| 245 | 1 | 0 | |a Código de justicia militar: edición oficial, aprobada por decreto N§ 1283, de 11 de noviembre de 2005, del Ministerio de Justicia |
| 250 | |a 18a. ed | ||
| 300 | |a 333 p | ||
| 942 | |c BK | ||
| 945 | |d 20060804 00:00:00 |a jtorresc | ||
| 260 | |a Santiago |b Jurídica de Chile |c 2006 | ||
| 500 | |a Actualizado a abril de 2006 | ||
| 650 | 0 | |a Código de justicia militar |9 371893 | |
| 650 | 0 | |a Derecho militar |9 255065 | |
| 650 | 7 | |a TRIBUNALES MILITARES |2 CL-VaPUC |9 328495 | |
| 650 | 7 | |a NAVEGACION AEREA |2 CL-VaPUC |9 255385 | |
| 650 | 7 | |a MARINA DE GUERRA |2 CL-VaPUC |9 323589 | |
| 650 | 0 | |a Carabineros de Chile |9 371895 | |
| 650 | 0 | |a Fuerzas Armadas |9 255504 | |
| 650 | 7 | |a PENALIDADES |2 CL-VaPUC |9 371896 | |
| 583 | |a last modification |c 20130306 09:09:53 |k Rodrigo Vera | ||
| 999 | |c 317321 |d 317319 | ||
| 952 | |0 0 |1 0 |2 ddc |4 0 |6 343_830102600000000_COD_2006 |7 0 |8 FOND_LRYV |9 393585 |a BIBDER |b BIBDER |d 2019-11-22 |i 4261151 |o 343.8301026 COD 2006 |p 4261151 |r 2023-01-25 |w 2019-11-22 |y BK_X |k DER | ||